| 000 | 00927nam a22003137a 4500 | ||
|---|---|---|---|
| 003 | DO-SdBPM | ||
| 005 | 20260514112026.0 | ||
| 007 | ta | ||
| 008 | 161031b2006 xx a 1 00| 0 spa d | ||
| 020 | _a0765277425 | ||
| 040 |
_aDO-SdBPM _bspa _cBPMSU _erda |
||
| 082 | 0 | 4 |
_a529.7 _bR581q 2006 _222 |
| 100 | 1 |
_aRing, Susan _eautora _4aut. |
|
| 245 | 1 | 0 |
_a¿Qué hora es ? / _cSusan Ring |
| 264 |
_aEstados Unidos : _bCelebration Press, _bPearson Learning Group , _c2006. |
||
| 300 |
_a32 páginas : _bilustración ; _c25 cm. |
||
| 336 |
_atexto _btxt _2rdacontent |
||
| 337 |
_asin mediación _bn _2rdamedia |
||
| 338 |
_avolumen _bnc _2rdacarrrier |
||
| 490 | 0 | _aiOpeners | |
| 500 | _aIncluye índice | ||
| 500 | _aIncluye glosario | ||
| 590 | _aInventariado, 2026/VM | ||
| 650 | 7 | _aTiempo | |
| 650 | 7 |
_aRelojes _xHistoria. |
|
| 830 | 0 | _aiOpeners | |
| 910 | _aVMateo V. Control de calidad. BPMSU | ||
| 942 |
_2ddc _cBK |
||
| 999 |
_c12614 _d12614 |
||